30 Städte aus 30 Europäischen Ländern - Statistiken

Allgemein
  • Dieses Quiz wurde 388 mal gespielt
  • Das Durchschnittsergebnis liegt bei 23 aus 30
Antwortstatistiken
Stadt Land % Korrekt
Essen Deutschland
98%
Vilnius Litauen
96%
Sofia Bulgarien
95%
Den Haag Niederlande
95%
Minsk Weißrussland
94%
Tirana Albanien
91%
Sarajevo Bosnien
91%
Vaduz Liechtenstein
91%
Valletta Malta
90%
Göteborg Schweden
90%
Leicester Vereinigtes Königreich
88%
Podgorica Montenegro
86%
Bergen Norwegen
86%
Breslau Polen
84%
Schaffhausen Schweiz
84%
Split Kroatien
83%
Cork Irland
80%
Genk Belgien
74%
Astana Kasachstan
73%
Patras Griechenland
68%
Valladolid Spanien
67%
Kasan Russland
64%
Odense Dänemark
61%
Novi Sad Serbien
61%
Debrecen Ungarn
60%
Vantaa Finnland
55%
Kópavogur Island
50%
Setúbal Portugal
50%
Prato Italien
39%
Kaschau Slowakei
38%
Keine übereinstimmenden Quizze gefunden
Verteilung der Resultate
Anzahl Personen mit jedem Resultat
Perzentil nach korrekt beantworteten Fragen
Ihre Resultats-Entwicklung
Sie haben dieses Quiz noch nicht gespielt